[Event "Frankfurt-chB"]
[Site "Frankfurt"]
[Date "2019.05.20"]
[Round "4"]
[White "Giebitz, Walter"]
[Black "Grinberg, Igor"]
[Result "0-1"]
[WhiteElo "1297"]
[BlackElo "1187"]
[PlyCount "56"]
[EventDate "2019.04.29"]
[EventType "swiss"]
[EventRounds "7"]
[EventCountry "GER"]
[SourceTitle "EXT 2020"]
[Source "ChessBase"]
[SourceDate "2019.10.17"]
[SourceVersion "1"]
[SourceVersionDate "2019.10.17"]
[SourceQuality "1"]

1. e4 e5 2. Nf3 Nc6 3. d4 exd4 4. Nxd4 Qh4 5. Nxc6 Qxe4+ 6. Qe2 Qxe2+ 7. Bxe2 bxc6 8. 0-0 Bc5 9. Re1 Ne7 10. Bf4 0-0 11. Nd2 Nd5 12. Bg3 d6 13. Bf3 Nb4 14. Bd1 Be6 15. c4 Nd3 16. Re2 Nxb2 17. Bb3 Bb4 18. Nf3 Nxc4 19. Bxc4 Bxc4 20. Re7 Ba5 21. Nd4 Bd5 22. Rc1 Rab8 23. h3 Rb2 24. a3 Ra2 25. Nxc6 Bxc6 26. Rxc6 Bb6 27. Rc4 Rxa3 28. Rce4 Rxg3 0-1

[Event "Frankfurt-chB"]
[Site "Frankfurt"]
[Date "2018.06.11"]
[Round "6"]
[White "Droeser, Wolfgang"]
[Black "Giebitz, Walter"]
[Result "1/2-1/2"]
[WhiteElo "1260"]
[BlackElo "1270"]
[PlyCount "38"]
[EventDate "2018.04.30"]
[EventType "swiss"]
[EventRounds "7"]
[EventCountry "GER"]
[SourceTitle "EXT 2019"]
[Source "ChessBase"]
[SourceDate "2018.10.10"]
[SourceVersion "1"]
[SourceVersionDate "2018.10.10"]
[SourceQuality "1"]

1. f4 d5 2. Nf3 Nc6 3. e3 Nf6 4. b3 g6 5. Bb2 Bg7 6. Be2 0-0 7. d3 Ng4 8. Bxg7 Kxg7 9. Qd2 e5 10. g3 e4 11. Qc3+ Qf6 12. Qxf6+ Kxf6 13. dxe4 dxe4 14. Ng5 Kg7 15. Bxg4 Bxg4 16. h3 h6 17. hxg4 hxg5 18. Nc3 Rad8 19. Ke2 f5 1/2-1/2

[Event "Frankfurt-chB"]
[Site "Frankfurt"]
[Date "2017.06.12"]
[Round "7"]
[White "Giebitz, Walter"]
[Black "Al Butmeh, Firas"]
[Result "1-0"]
[WhiteElo "1212"]
[BlackElo "1195"]
[PlyCount "61"]
[EventDate "2017.04.24"]
[EventType "swiss"]
[EventRounds "7"]
[EventCountry "GER"]
[SourceTitle "EXT 2018"]
[Source "ChessBase"]
[SourceDate "2017.10.13"]
[SourceVersion "1"]
[SourceVersionDate "2017.10.13"]
[SourceQuality "1"]

1. e4 c5 2. Nc3 g6 3. Nf3 Bg7 4. d4 cxd4 5. Nxd4 a6 6. Be3 Nc6 7. Qd2 e6 8. Bd3 Nxd4 9. Bxd4 Bxd4 10. Bxa6 Bxc3 11. Qxc3 Qf6 12. Qxf6 Nxf6 13. Bd3 e5 14. 0-0 b6 15. f4 d6 16. fxe5 Nd7 17. exd6 Ne5 18. a3 Nxd3 19. cxd3 Ba6 20. Rf3 Rc8 21. Raf1 Rf8 22. R1f2 Bb7 23. h3 Rd8 24. Rf6 Rd7 25. e5 Bd5 26. Rc2 Rd8 27. d4 Be6 28. Rc7 Rc8 29. Rb7 Rc1+ 30. Kh2 Rc2 31. Re7+ 1-0

[Event "Hofheim Spring op-B 4th"]
[Site "Hofheim"]
[Date "2016.03.30"]
[Round "1"]
[White "Koch, Thomas2222"]
[Black "Giebitz, Walter"]
[Result "1-0"]
[WhiteElo "1812"]
[BlackElo "1508"]
[PlyCount "45"]
[EventDate "2016.03.30"]
[EventType "swiss"]
[EventRounds "9"]
[EventCountry "GER"]
[SourceTitle "EXT 2018"]
[Source "ChessBase"]
[SourceDate "2017.10.13"]
[SourceVersion "1"]
[SourceVersionDate "2017.10.13"]
[SourceQuality "1"]

1. e4 e5 2. Nf3 Nc6 3. d4 exd4 4. Bc4 h6 5. Nxd4 Bc5 6. Be3 Qf6 7. c3 Nge7 8. 0-0 Ne5 9. Bb3 a6 10. Qe2 N7c6 11. Nxc6 Qxc6 12. Qh5 d6 13. Bf4 Bg4 14. Qh4 Qxe4 15. Bxe5 Qxe5 16. Qxg4 0-0 17. Nd2 Rae8 18. Nf3 Qe2 19. Rab1 Re6 20. Bxe6 Qxe6 21. Qxe6 fxe6 22. Nd4 e5 23. Ne6 1-0